Idiotismes en français - 13 - - Statistiques

Statistiques générales
  • Ce quiz a été pris 221 fois
  • Le résultat moyen est 13 sur 15
Statistiques - réponses
Hint Réponse % Correct
N'en faire qu'à sa ***** Tête
99%
Etre sur la liste ***** Noire
97%
Etre à la ***** de quelqu'un Botte
95%
En faire tout un ***** Fromage
95%
Etre tiré à ***** épingles Quatre
95%
Secouer le ***** Cocotier
92%
Entre chien et ***** Loup
90%
Je vous le donne en ***** Mille
88%
Tirer à ***** rouges Boulets
86%
Etre dur de la ***** Feuille
85%
Avoir la ***** Frite
85%
Avoir la ligne ***** vert Haricot
76%
Avoir la tête sur le ***** Billot
64%
Pleurer comme un ***** Veau
63%
Etre jaloux comme un ***** Tigre
53%
Aucun quiz correspondant
Distribution des résultats
% des personnes avec chaque résultat
Percentile par nombre de réponses
Votre historique - résultats
Vous n’avez pas pris ce quiz